| 000 | 00482nam a2200205Ia 4500 | ||
|---|---|---|---|
| 005 | 20250425161137.0 | ||
| 008 | 250425s9999 xx 000 0 und d | ||
| 020 | _a0470268042 | ||
| 041 | _aeng | ||
| 082 | _a624.1513 | ||
| 100 | _aJAEGER, J.C. | ||
| 245 | 0 | _aFUNDAMENTALS OF ROCK MECHANICS | |
| 250 | _a3RD ED. | ||
| 260 | _aNORWICH | ||
| 260 |
_aReino Unido _bCHAPMAN AND HALL _c1979 |
||
| 300 | _a593 | ||
| 650 | _aMECANICA DE ROCAS | ||
| 942 | _c01 | ||
| 010 | _a13649 | ||
| 999 |
_c203282 _d203282 |
||